Beyond the Government U-turn (Record no. 83976)

MARC details
000 -LEADER
fixed length control field 00862cab a22002415a 4500
001 - CONTROL NUMBER
control field L156250
008 - FIXED-LENGTH DATA ELEMENTS--GENERAL INFORMATION
fixed length control field 120509e20120505xxk 000 0 eng d
035 ## - SYSTEM CONTROL NUMBER
System control number (Sirsi) u156250
041 0# - LANGUAGE CODE
Language code of text/sound track or separate title eng
100 1# - MAIN ENTRY--PERSONAL NAME
Personal name Bryan, Yvette
245 00 - TITLE STATEMENT
Title Beyond the Government U-turn
260 ## - PUBLICATION, DISTRIBUTION, ETC.
Date of publication, distribution, etc. 2012
490 ## - SERIES STATEMENT
Series statement Estates Gazette
Volume/sequential designation (1218) 5 May 2012, 98-99(2)
520 ## - SUMMARY, ETC.
Summary, etc. A Mainly for Students article discussing recent developments in pre-pack administrations and implications for landlords. Refers to recent case law.
590 ## - LOCAL NOTE (RLIN)
Local note KA
650 24 - SUBJECT ADDED ENTRY--TOPICAL TERM
Topical term or geographic name entry element LEISURE (NORWICH) II LTD V LUMINAR LAVA IGNITE LTD (IN ADMINISTRATION)
650 24 - SUBJECT ADDED ENTRY--TOPICAL TERM
Topical term or geographic name entry element GOLDACRE (OFFICES) LTD V NORTEL NETWORKS UK LTD
650 24 - SUBJECT ADDED ENTRY--TOPICAL TERM
Topical term or geographic name entry element MOURANT & CO LTD V SIXTY UK LTD (IN ADMINISTRATION)
651 #4 - SUBJECT ADDED ENTRY--GEOGRAPHIC NAME
Geographic name United Kingdom
690 ## - LOCAL SUBJECT ADDED ENTRY--TOPICAL TERM (OCLC, RLIN)
Topical term or geographic name as entry element Commercial property
9 (RLIN) 6227
700 1# - ADDED ENTRY--PERSONAL NAME
Personal name Levy, Nicholas
942 ## - ADDED ENTRY ELEMENTS (KOHA)
Suppress in OPAC 0
Holdings
Withdrawn status Lost status Source of classification or shelving scheme Damaged status Not for loan Home library Current library Shelving location Date acquired Total Checkouts Full call number Barcode Date last seen Copy number Price effective from Koha item type
    Dewey Decimal Classification     London London Journal article 09/05/2012   L156250 156250-1001 06/08/2019 1 06/08/2019 Journal article